Prophecy and prophets in ancient Israel : (Record no. 11122)
[ view plain ]
| 000 -LEADER | |
|---|---|
| fixed length control field | 01218cam a2200349Ia 4500 |
| 001 - CONTROL NUMBER | |
| control field | 899204582 |
| 003 - CONTROL NUMBER IDENTIFIER | |
| control field | OCoLC |
| 005 - DATE AND TIME OF LATEST TRANSACTION | |
| control field | 20231030165145.0 |
| 008 - FIXED-LENGTH DATA ELEMENTS--GENERAL INFORMATION | |
| fixed length control field | 150105t20142012enk b 001 0 eng d |
| 020 ## - INTERNATIONAL STANDARD BOOK NUMBER | |
| International Standard Book Number | 0567299368 |
| Qualifying information | (pbk.) |
| 020 ## - INTERNATIONAL STANDARD BOOK NUMBER | |
| International Standard Book Number | 9780567299369 |
| Qualifying information | (pbk.) |
| 020 ## - INTERNATIONAL STANDARD BOOK NUMBER | |
| International Standard Book Number | 0567473643 |
| Qualifying information | (Cloth) |
| 020 ## - INTERNATIONAL STANDARD BOOK NUMBER | |
| International Standard Book Number | 9780567473646 |
| Qualifying information | (Cloth) |
| 035 ## - SYSTEM CONTROL NUMBER | |
| System control number | (OCoLC)899204582 |
| 040 ## - CATALOGING SOURCE | |
| Original cataloging agency | CDX |
| Language of cataloging | eng |
| Transcribing agency | CDX |
| Modifying agency | OCLCQ |
| -- | WSU |
| 050 #4 - LIBRARY OF CONGRESS CALL NUMBER | |
| Classification number | 221.6 |
| Item number | J65P |
| 082 04 - DEWEY DECIMAL CLASSIFICATION NUMBER | |
| Classification number | 221.6 |
| Edition number | 23 |
| Item number | J65P |
| 090 ## - LOCALLY ASSIGNED LC-TYPE CALL NUMBER (OCLC); LOCAL CALL NUMBER (RLIN) | |
| Classification number (OCLC) (R) ; Classification number, CALL (RLIN) (NR) | BS1505.52 |
| Local cutter number (OCLC) ; Book number/undivided call number, CALL (RLIN) | .P76 2014 |
| 245 00 - TITLE STATEMENT | |
| Title | Prophecy and prophets in ancient Israel : |
| Remainder of title | proceedings of the Oxford Old Testament Seminar / |
| Statement of responsibility, etc. | edited by John Day |
| 260 ## - PUBLICATION, DISTRIBUTION, ETC. | |
| Place of publication, distribution, etc. | New York, NY : |
| Name of publisher, distributor, etc. | Bloomsbury T & T Clark, |
| Date of publication, distribution, etc. | 2014 |
| 300 ## - PHYSICAL DESCRIPTION | |
| Extent | xvii, 462 pages : |
| Other physical details | black and white illustrations ; |
| Dimensions | 16 x 24 cm |
| 336 ## - CONTENT TYPE | |
| Content type term | text |
| Content type code | txt |
| Source | rdacontent |
| 337 ## - MEDIA TYPE | |
| Media type term | unmediated |
| Media type code | n |
| Source | rdamedia |
| 338 ## - CARRIER TYPE | |
| Carrier type term | volume |
| Carrier type code | nc |
| Source | rdacarrier |
| 490 1# - SERIES STATEMENT | |
| Series statement | Library of Hebrew Bible/Old Testament studies ; |
| Volume/sequential designation | 531 |
| 504 ## - BIBLIOGRAPHY, ETC. NOTE | |
| Bibliography, etc. note | Includes bibliographical referenes and indexes |
| 650 #0 - SUBJECT ADDED ENTRY--TOPICAL TERM | |
| Topical term or geographic name entry element | Prophecy |
| Form subdivision | Congresses |
| 650 #0 - SUBJECT ADDED ENTRY--TOPICAL TERM | |
| Topical term or geographic name entry element | Prophets |
| Form subdivision | Congresses |
| 700 1# - ADDED ENTRY--PERSONAL NAME | |
| Personal name | Day, John, |
| Dates associated with a name | 1948- |
| 830 #0 - SERIES ADDED ENTRY--UNIFORM TITLE | |
| Uniform title | Library of Hebrew Bible/Old Testament studies ; |
| Volume/sequential designation | 531 |
| 942 ## - ADDED ENTRY ELEMENTS (KOHA) | |
| Source of classification or shelving scheme | Dewey Decimal Classification |
| Koha item type | Books |
| Withdrawn status | Lost status | Source of classification or shelving scheme | Damaged status | Not for loan | Collection code | Home library | Current library | Shelving location | Date acquired | Total Checkouts | Full call number | Barcode | Date last seen | Date last checked out | Price effective from | Koha item type |
|---|---|---|---|---|---|---|---|---|---|---|---|---|---|---|---|---|
| Dewey Decimal Classification | Non-fiction | Harvest Mission College | Harvest Mission College | General Stacks | 30.10.2023 | 2 | 221.6 J65P | 013050 | 03.04.2026 | 08.12.2025 | 30.10.2023 | Books |
